000
00309nam a2200157Ia 4500
100
_a
Ludlum/Robert
650
_a
Fiction
942
_c
BK
366
_f
20
245
_a
Bourne Identity
260
_b
Bantom Books
_c
2002
082
_a
808.83/LUD
_b
LUD
300
_a
535
546
_a
ENGLISH
999
_c
30406
_d
30406